000 00659cam a22002291 4500
001 sa 68001631
003 DLC
005 20260227112435.0
008 850406s1967 ii 000 0 malx
010 _asa 68001631
020 _cRs2
025 _aPL480:I-Mal-1126
035 _a(OCoLC)13888524
040 _aDLC
_cNN
_dDLC
042 _apremarc
050 0 0 _aPL4718.9.N37
_bA9
100 1 _aNayarussery, V. B.,
_d1936-
245 1 0 _aĀvanāl̲i,
_bnāṭakaṃ.
_c[Granthakarttā] Vi. Bi. Nāyaruśśēri.
260 _a[n.p.,
_bE.P. Sukumaran];
_bvitaraṇaṃ: Kar̲ant Buks, Tr̥śūr
_c[1967]
300 _a134 p.
_c18 cm.
500 _aIn Malayalam.
999 _c78102
_d78102